| 000 | 01002cab a2200217 4500 | ||
|---|---|---|---|
| 001 | ABS45947 | ||
| 008 | 090401t1992 xxu||||| |||| 00| 0 eng d | ||
| 035 | _a(Sirsi) u56022 | ||
| 041 | _aeng | ||
| 100 | _aBennett, J.D. | ||
| 245 | _aOcean resources - the future | ||
| 260 | _c1992 | ||
| 350 | _a0 | ||
| 490 |
_aCS Monthly : Land and Hydrographic Survey _v1(6) March 1992, 1-3(3) |
||
| 520 | _aIdentifies the resource assessment capabilities of a British company, Worldwide Ocean Surveying Ltd, and its commitment to provide a high calibre research vessel. A degree of commitment to marine resource development from the UK Government by, for example, the declaration of an Exclusive Economic Zone (EEZ) around the UK and her dependencies, is highlighted as an issue requiring urgent attention if the UK is to remain in the forefront of this field. | ||
| 650 | _aEXCLUSIVE ECONOMIC ZONES | ||
| 650 | _aRESOURCE ASSESSMENT | ||
| 690 | _aMARINE RESOURCES | ||
| 942 | _n0 | ||
| 948 | _c04/03/1997 | ||
| 999 |
_c34211 _d34211 |
||